000 01027nam a2200253 a 4500
001 78530
003 BD-RjUL
005 20211209083135.0
008 210930s2005 bg a|||| m||| 00| 0 eng d
035 _a(BD-RjUL)78756
040 _aBD-RjUL
_beng
_cBD-RjUL
_dBD-RjUL
041 _aeng
082 _a155.452
_bZUP 2005
_223
100 _aZulfiqar, Golam Azam Md. Mahbubur Rashid
_9248785
245 1 0 _aProblems and Prospects of Special Education of Rural and Urban Mentally Retarded Persons in Rajshahi Division /
_cGolam Azam Md. Mahbubur Rashid Zulfiqar
_6Supervisor : Anwarul Hasan
260 _aRajshahi :
_bDepartment of Psychology, University of Rajshahi,
_c2005
300 _a[9], 231 Leaves :
_bill. ;
_c29 cm.
502 _aThesis (Ph. D.) -- Department of Psychology, University of Rajshahi, 2005
504 _aReferences : Leaves [179] -194
650 _aChild Psychology |
_9249094
650 _aMental illness
_xPhysiological aspects
_9249095
700 _aHasan, Anwarul, Supervisor
_9248787
942 _2ddc
_cTHE
999 _c78530
_d78530